00407nam a2200145Ia 4500008004100000020001800041041000800059082001600067100002200083245004400105250000600149260006100155300001200216650003300228210716s2010 xx 000 0 und d a9780071067133 aeng a004.22 BART aBartee, Thomas C. aComputer architecture and logic design. a1 aNew DelhibTata McGraw Hill Publishing Company Ltdc2010 axii,628 aComputer Arch., Org.(004.22)